Welcome to the Holygrace Academy Library

Please use search bar below to get started

ALL IN ONE FOUNDATION OF INFORMATION TECHNOLOGY (Record no. 933)

MARC details
000 -LEADER
fixed length control field 00348nam a22001337a 4500
020 ## - INTERNATIONAL STANDARD BOOK NUMBER
ISBN 978-93-5141-481-0
082 ## - DEWEY DECIMAL CLASSIFICATION NUMBER
Classification number 000
Item number JOS/F
100 ## - MAIN ENTRY--AUTHOR NAME
Personal name AMIT JOSHI, NEETU GAIKWAS
245 ## - TITLE STATEMENT
Title ALL IN ONE FOUNDATION OF INFORMATION TECHNOLOGY
Remainder of title CLASS IX
260 ## - PUBLICATION, DISTRIBUTION, ETC. (IMPRINT)
Place of publication MEERUT
Name of publisher ARIHANT PRAKASHAN
300 ## - PHYSICAL DESCRIPTION
Number of Pages 175
650 ## - SUBJECT ADDED ENTRY--TOPICAL TERM
Topical Term IT FOR CLASS IX
Geographic subdivision INDIA
942 ## - ADDED ENTRY ELEMENTS (KOHA)
Koha item type Books
Holdings
Withdrawn status Lost status Collection code Home library Current library Shelving location Date acquired Source of acquisition Cost, normal purchase price Full call number Accession Number Koha item type
    Reference Main Library Main Library SHELF 7D CLASS IX SOCIAL SCIENCE&INFORMATIC PRACTICE 17/04/2019 purchase 140.00 000 JOS/F 12387 Books
    Reference Main Library Main Library SHELF 7D CLASS IX SOCIAL SCIENCE&INFORMATIC PRACTICE 17/02/2019 purchase 140.00 000 JOS/F 12386 Books